000 00289nam a2200121Ia 4500
008 240624s9999 xx 000 0 und d
041 _aeng
082 _a128.2 DEN
100 _aDENNETT DANIEL C
245 _aCONTENT AND CONSCIOUSNESS
260 _c2012
_aLondon
_bRoutledge
365 _cRS
999 _c28632
_d28632